| 000 | 00955 a2200241 4500 | ||
|---|---|---|---|
| 001 | 33768 | ||
| 005 | 20260407155628.0 | ||
| 008 | 260407a2015 arg spa d | ||
| 003 | AR-UNSa-BCEJYS | ||
| 040 |
_aAR-UNSa-BCEJYS _bspa _cAR-UNSa-BCEJYS |
||
| 080 |
_a37 _xEducación. Enseñanza. Formación |
||
| 245 | 1 | 0 |
_aVolver a enseñar _ppadres y maestros ante un desafío urgente |
| 020 | _a978-950-12-0246-5 | ||
| 250 | _a1a ed., 2a. reimp. | ||
| 264 | 1 |
_aBuenos Aires : _bPaidós _c2015 |
|
| 300 |
_a129 p. _c23 cm. |
||
| 505 | _a1. Un orden nos cuidaba - 2. La crisis del orden - 3. ¿Todos iguales o todos distintos? - 4. Aprender y transgredir - 5. Un pacto de confianza en la escuela - 6. Del "porque sí" al "para qué" | ||
| 041 | _aspa | ||
| 942 | _cBK | ||
| 590 | _aniveau_biblio:m niveau_hierar:0 | ||
| 100 | 1 | _aIaies, Gustavo | |
| 856 | 4 | 1 |
_uhttps://biblioeco.unsa.edu.ar/pmb/images/libros/volver_enseniar.jpg _yImagen de portada _qimage/jpeg |
| 999 |
_c2392 _d2392 |
||